Voltaire et l'Europe (Record no. 77818)

MARC details
000 -LEADER
campo de control de longitud fija 01290nam a2200313 i 4500
001 - NÚMERO DE CONTROL
campo de control 77818
003 - IDENTIFICADOR DE NÚMERO DE CONTROL
campo de control ES-MaACL
005 - FECHA Y HORA DE LA ÚLTIMA TRANSACCIÓN
campo de control 20250714064441.0
007 - CAMPO FIJO DE DESCRIPCIÓN FÍSICA--INFORMACIÓN GENERAL
campo de control de longitud fija t|
008 - DATOS DE LONGITUD FIJA--INFORMACIÓN GENERAL
campo de control de longitud fija 041110s1994 fr ||||1| fre d
020 ## - NÚMERO INTERNACIONAL ESTÁNDAR DEL LIBRO
Número Internacional Estándar del Libro 2-7177-1917-2
080 ## - NÚMERO DE LA CLASIFICACIÓN DECIMAL UNIVERSAL
Número de la Clasificación Decimal Universal 929 Voltaire (083.824)
080 ## - NÚMERO DE LA CLASIFICACIÓN DECIMAL UNIVERSAL
Número de la Clasificación Decimal Universal 008(4)"17"(083.824)
245 00 - MENCIÓN DEL TÍTULO
Título Voltaire et l'Europe
Resto del título : exposition Bibliothéque Nationale de France, Monnaie de Paris [du 29 septembre 1994 au 8 janvier 1995] /
Mención de responsabilidad, etc. préfaces de Jean Favier et Pierre Consigny ; introduction de René Pomeau ; edité et présente par Françoise Bléchet avec la collaboration de Marie-Odile Germain.
260 ## - PUBLICACIÓN, DISTRIBUCIÓN, ETC.
Lugar de publicación, distribución, etc. Paris :
Nombre del editor, distribuidor, etc. Bibliothèque Nationale de France ;
Lugar de publicación, distribución, etc. Bruxelles :
Nombre del editor, distribuidor, etc. Editions Complexe,
Fecha de publicación, distribución, etc. [1994]
300 ## - DESCRIPCIÓN FÍSICA
Extensión 241 p. :
Otras características físicas il. ;
Dimensiones 29 cm.
600 04 - PUNTO DE ACCESO ADICIONAL DE MATERIA--NOMBRE DE PERSONA
Nombre de persona Voltaire,
Fechas asociadas al nombre 1694-1778-
Subdivisión de forma Exposiciones
9 (RLIN) 115723
650 14 - PUNTO DE ACCESO ADICIONAL DE MATERIA--TÉRMINO DE MATERIA
Término de materia o nombre geográfico como elemento de entrada Ilustración-
Subdivisión de forma Exposiciones.
9 (RLIN) 13587
655 #7 - TERMINO DE INDIZACIÓN--GENERO/FORMA
Fuente del término tgfbne
9 (RLIN) 193628
Datos o término principal de género/forma Catálogos de exposiciones
700 1# - ENTRADA AGREGADA--NOMBRE PERSONAL
Nombre de persona Favier, Jean.
9 (RLIN) 48994
700 1# - ENTRADA AGREGADA--NOMBRE PERSONAL
Nombre de persona Consigny, Pierre.
9 (RLIN) 40231
700 1# - ENTRADA AGREGADA--NOMBRE PERSONAL
Nombre de persona Pomeau, René.
9 (RLIN) 92915
700 1# - ENTRADA AGREGADA--NOMBRE PERSONAL
Nombre de persona Bléchet, Françoise.
9 (RLIN) 29456
700 1# - ENTRADA AGREGADA--NOMBRE PERSONAL
Nombre de persona Germain, Marie-Odile.
9 (RLIN) 56470
710 2# - ENTRADA AGREGADA--NOMBRE DE ENTIDAD CORPORATIVA
Nombre de entidad corporativa o nombre de jurisdicción como elemento de entrada Bibliothèque nationale de France.
9 (RLIN) 2217
852 ## - LOCALIZACIÓN
Ubicación ES-MaACL
Número de control de estantería L-28403
Sublocalización o colección R.134527
942 ## - ELEMENTOS DE ENTRADA SECUNDARIOS (KOHA)
Fuente del sistema de clasificación o colocación Clasificación decimal universal
Holdings
Estatus retirado Estado de pérdida Estado de daño No para préstamo Biblioteca de origen Biblioteca actual Ubicación en estantería Fecha de adquisición Fuente de adquisición Total de préstamos Signatura topográfica completa Código de barras Visto por última vez Precio de reemplazo Tipo de ítem Koha
        Biblioteca del Ateneo de Madrid Biblioteca del Ateneo de Madrid Depósito 2 17/01/2008     L-28403 1081413 23/02/2023 23/02/2023 Libro impreso